[Event "4NCL Division 1d"]
[Site "Hinckley Island ENG"]
[Date "2014.05.03"]
[Round "9.167"]
[White "Terry, Sean"]
[Black "Lauterbach, Ingrid"]
[Result "0-1"]
[WhiteElo "1925"]
[BlackElo "2101"]
[PlyCount "177"]
[EventDate "2014.05.03"]
[WhiteTeam "Oxford 1"]
[BlackTeam "Barbican 4NCL 1"]

1. e4 d6 2. d4 Nf6 3. Bd3 Nbd7 4. Nf3 e5 5. c3 Be7 6. O-O O-O 7. Na3 c6 8. dxe5
dxe5 9. Qe2 Qc7 10. b4 a5 11. Rb1 b5 12. Nc2 axb4 13. Nxb4 Nc5 14. Bc2 Be6 15.
Bb3 Bxb3 16. axb3 Nfxe4 17. Bb2 f6 18. c4 Qb7 19. Nd3 Nxd3 20. Qxd3 Nc5 21. Qc2
Rfd8 22. Nh4 Nd3 23. Rfd1 Nxb2 24. Rxd8+ Rxd8 25. Rxb2 Qd7 26. Rb1 e4 27. Qxe4
Qd1+ 28. Qe1 Qxe1+ 29. Rxe1 Bb4 30. Rc1 Ba3 31. Ra1 Bb2 32. Rb1 bxc4 33. bxc4
Rd2 34. Nf3 Rc2 35. Ne1 Rc1 36. Rxc1 Bxc1 37. Nd3 Ba3 38. Kf1 Kf7 39. Ke2 Bd6
40. h3 Ke6 41. g4 g6 42. Ke3 Ba3 43. Kd4 Bf8 44. f3 f5 45. Nf4+ Kf6 46. g5+ Kf7
47. Nd3 Ke6 48. Nf4+ Kd6 49. c5+ Kd7 50. Nd3 Bg7+ 51. Kc4 Ba1 52. Nb4 Be5 53.
Nd3 Bc7 54. Kd4 Ke6 55. Nb4 Be5+ 56. Ke3 Kd7 57. Nd3 Bc3 58. Nf4 Ke7 59. Kd3
Bb4 60. Kc4 Bd2 61. Nd3 Ke6 62. f4 Be3 63. Ne5 Bxf4 64. Nxc6 Bxg5 65. Nd4+ Kd7
66. c6+ Kd6 67. c7 Kd7 68. Kd5 Bf4 69. Nxf5 Bxc7 70. Nd4 Ke7 71. Nf3 Kf6 72.
Ke4 Bg3 73. Ng1 Bf2 74. Ne2 Kg5 75. Kf3 Bc5 76. Nc3 Bd4 77. Ne4+ Kf5 78. Ng3+
Ke5 79. Ne4 h6 80. Ng3 Bc3 81. Ne2 Bb2 82. Ng1 Kd5 83. Ne2 Be5 84. Ng1 Kd4 85.
Ne2+ Kd3 86. Ng1 Kd2 87. Kg4 Ke3 88. h4 Bf4 89. Nh3 0-1